00641nam a2200169Ia 4500008004000000020001800040082001700058100002400075245004200099260003300141300000800174650007400182690001500256906001100271999001900282952017000301210210b2000 xxu||||| |||| 00| 0 eng d a0 7619 9397 5 a150.954 PANP aPANDEY (Janak), Ed. aInternational Handbook of psychology. aN DbSage Publicationsc2000 a272 aPsychology India Discipline Developments Foundations Human Cognitions aPsychology a055893 c103591d103591 001040708PsychologyaALbALcPsychologyd2021-02-17eSita Book House, Mangalore.g375.00l1o150.954 PANPp055893r2025-09-04 12:54:02s2025-09-01w2021-02-17yBK